000 00794nam a22001217a 4500
008 110705t xxu||||| |||| 00| 0 eng d
010 _aHCMA F-139
245 _aHigh Court Misc Application No........ of 2000 (Arising out of HCCS No. 659 of 1996) Henry Munyanganizi Vs Attorney General
260 _c2000
500 _aUnder 0.10 rules 12,14,and 24 Civil Procedure Rules Section 23 (1)(a) : and (2) of the Government Proceedings Act (Cap 69 ) and Rules 13 (b) The Civil Procedure Government(Government Proceedings ) Rules S.I. 69-1)
999 _c4544
_d4544